000 00285nam a2200109 4500
999 _c13170
_d13170
008 190211b ||||| |||| 00| 0 eng d
245 _aMayor orders fogging in schools.
260 _aDavao City
_bSun Star Davaoc
_cc2017
300 _apage 9.
650 0 _936850
_aFog.
942 _2ddc
_cPER